| 000 | 00786nam a22002537a 4500 | ||
|---|---|---|---|
| 003 | OSt | ||
| 005 | 20251027104839.0 | ||
| 008 | 251027b |||||||| |||| 00| 0 eng d | ||
| 020 | _a9781526459145 | ||
| 040 | _cHS LRC | ||
| 050 |
_aQA 76.9.B45 _b.V483 2025 |
||
| 100 |
_aVerdegem, Pieter _9130158 |
||
| 245 |
_aUnderstanding data culture and society / _cPieter Verdegem |
||
| 260 |
_aLondon : _bSage, _cc2025. |
||
| 265 | _aCDB | ||
| 300 |
_a247 pages : _billustrations ; _c24 cm. |
||
| 365 | _b4,438.00 | ||
| 504 | _aIncludes references and index. | ||
| 650 |
_aBig data _xPolitical aspects _9130159 |
||
| 650 |
_aBig data _xSocial aspects _9130160 |
||
| 650 |
_aElectronic data processing _xSocial aspects _9130161 |
||
| 650 |
_aInformation superhighway _959646 |
||
| 942 |
_2lcc _cBK |
||
| 999 |
_c93361 _d93361 |
||